LotR: Name a Character A - Z - Statistics

General Stats
  • This quiz has been taken 23 times
    22 since last reset
  • The average score is 13 of 21
Answer Stats
Hint Answer % Correct
A Aragorn | Arwen | Arod | Azog | Anarion
100%
G Gandalf | Gimli | Gollum | Galadriel | Glorfindel | Grima | Gildor | Gamling | Ghan-buri-Ghan
95%
F Frodo | Fredegar | Faramir | Floi
89%
B Boromir | Bilbo | Beregond | Bergil | Barliman | Brand | Bain
84%
E Eowyn | Eomer | Eothain | Elrond | Elendil
84%
L Legolas | Lindir | Luthien
84%
S Samwise | Saruman | Sauron | Shelob | Shagrat | Smeagol | Snaga
84%
M Merry | Mablung
74%
P Pippin | Paladin
74%
T Theoden | Theodred | Treebeard | Tom Bombadil | Thranduil | Tobold
74%
D Denethor | Deagol | Damrod | Duinhir | Duilin
63%
R Radagast | Rosie | Robin | Rumil
63%
W Witch-king | Will Whitfoot | Wormtongue
63%
C Celeborn | Cirdan | Celebrian
53%
H Haldir | Halbarad | Hama
53%
U Ugluk | Ufthak
47%
I Imrahil | Isildur | Ingold | Ioreth
37%
Q Quickbeam
37%
N Nimrodel | Nob
26%
K Khamul
16%
O Otho | Old Man Willow
11%
No matching quizzes found
Score Distribution
Percent of People with Each Score
Percentile by Number Answered
Your Score History
You have not taken this quiz since the last reset